000 00524nam a22001817a 4500
005 20251108172244.0
008 250721s9999 xx 000 0 ara d
082 1 4 _a808.832/نبي
100 1 _aإبراهيم، نبيلة
245 1 0 _aفن القصة في النظرية و التطبيق /
264 1 _aالقاهرة :
_bمكتبة غريب،
300 _a255ص
490 0 _aسلسلة الدراسات ؛ 1
650 1 7 _aكتابة القصة
650 1 7 _aالقصة
942 _2ddc
_cBK
999 _c74352
_d74352